Pa ban gaz ! Kréyòl-la, jan lajennès ka palé-y. (notice n° 1553384)
[ vue normale ]
| 000 -LEADER | |
|---|---|
| fixed length control field | 01699cam a2200277zu 4500 |
| 003 - CONTROL NUMBER IDENTIFIER | |
| control field | FRCYB45003935 |
| 005 - DATE AND TIME OF LATEST TRANSACTION | |
| control field | 20251020123214.0 |
| 008 - FIXED-LENGTH DATA ELEMENTS--GENERAL INFORMATION | |
| fixed length control field | 251020s2001 fr | o|||||0|0|||fre d |
| 020 ## - INTERNATIONAL STANDARD BOOK NUMBER | |
| International Standard Book Number | 9782844501240 |
| 035 ## - SYSTEM CONTROL NUMBER | |
| System control number | FRCYB45003935 |
| 040 ## - CATALOGING SOURCE | |
| Original cataloging agency | FR-PaCSA |
| Language of cataloging | fr |
| Transcribing agency | |
| Description conventions | rda |
| 100 1# - MAIN ENTRY--PERSONAL NAME | |
| Personal name | Lafleur, Marie-Rose |
| 245 01 - TITLE STATEMENT | |
| Title | Pa ban gaz ! Kréyòl-la, jan lajennès ka palé-y. |
| Statement of responsibility, etc. | ['Lafleur, Marie-Rose'] |
| 264 #1 - PRODUCTION, PUBLICATION, DISTRIBUTION, MANUFACTURE, AND COPYRIGHT NOTICE | |
| Name of producer, publisher, distributor, manufacturer | Ibis Rouge |
| Date of production, publication, distribution, manufacture, or copyright notice | 2001 |
| 300 ## - PHYSICAL DESCRIPTION | |
| Extent | p. |
| 336 ## - CONTENT TYPE | |
| Content type code | txt |
| Source | rdacontent |
| 337 ## - MEDIA TYPE | |
| Media type code | c |
| Source | rdamdedia |
| 338 ## - CARRIER TYPE | |
| Carrier type code | c |
| Source | rdacarrier |
| 520 ## - SUMMARY, ETC. | |
| Summary, etc. | Marie-Rose Lafleur sociolinguiste, nous propose un catalogue de vannes et d'insultes créoles réalisé à partir d'une enquête menée dans des lycées antillais. De ce relevé elle a pu constater que ces vannes ou insultes qui se construisent à partir de comparaisons avaient beaucoup évolué avec la société, les comparants n'étant plus les mêmes soit qu'ils n'existent plus, soit qu'ils n'ont plus de sens. Les jeunes font référence à leur univers familier, traditionnel, médiatique. La démarche de l'auteur rompt avec celle des créolistes qui oeuvrent pour la promotion de la langue écrite, puisque personne n'avait jusqu'ici osé prendre en compte le créole parlé par les jeunes qui semble ici à la fois populaire et grossier. Mais elle ne se contente pas d'un relevé elle en fait une analyse sociolinguistique afin de définir l'évolution de cette langue, ma foi bien vivante. |
| 650 #0 - SUBJECT ADDED ENTRY--TOPICAL TERM | |
| Topical term or geographic name entry element | |
| 700 0# - ADDED ENTRY--PERSONAL NAME | |
| Personal name | Lafleur, Marie-Rose |
| 856 40 - ELECTRONIC LOCATION AND ACCESS | |
| Access method | Cyberlibris |
| Uniform Resource Identifier | <a href="https://international.scholarvox.com/netsen/book/45003935">https://international.scholarvox.com/netsen/book/45003935</a> |
| Electronic format type | text/html |
| Host name | |
Pas d'exemplaire disponible.




Réseaux sociaux